ZKM Gdynia - 86 - Statystyki

Ogólne statystyki
  • Ten quiz został rozwiązany 8 razy
  • Średni wynik to 9 z 10
Statystyki odpowiedzi
Miejscowość Przystanek Ulica % Poprawnych
Dębogórze-Wybudowanie Dębogórze-Wybudowanie - Leśna Dębogórska
100%
Rumia Derdowskiego - Przychodnia Derdowskiego
100%
Rumia Rumia Dworzec PKP Starowiejska
100%
Rumia Starowiejska - Poczta Starowiejska
100%
Dębogórze-Wybudowanie Dębogórze-Wybudowanie - Długa Dębogórska
83%
Rumia Derdowskiego - Dębogórska Derdowskiego
83%
Rumia Klonowa Dębogórska
83%
Rumia Wybickiego Derdowskiego
83%
Rumia Osiedle Królewskie Dębogórska
67%
Rumia Wierzbowa Dębogórska
50%
Nie znaleziono quizów pasujących do podanych kryteriów
Rozkład punktacji
Procent ludzi z każdym wynikiem
Percentyl według liczby udzielonych odpowiedzi
Twoja historia wyników
Nie rozwiązałeś tego quizu